Billetes del mundo - Estadísticas

Estadísticas generales
  • Esta prueba ha sido intentada 25 veces
  • La puntuación promedio es 10 de 16
Estadísticas de respuestas
Imagen Respuesta % Correcto
India
95%
China
90%
Japón
90%
México
90%
Vietnam
90%
Brasil
81%
Egipto
71%
Kazajistán
67%
Dinamarca
62%
Emiratos Árabes Unidos
57%
Camboya
52%
Bielorrusia
48%
Tanzania
43%
Zambia
43%
Armenia
33%
Maldivas
24%
No se encontraron pruebas coincidentes
Distribución de puntuación
Porcentaje de gente con cada puntuación
Porcentaje por número respondido
Historial de tus puntuaciones
No has intentado esta prueba.